| 000 | 00775 am a2200229 a 4500 | ||
|---|---|---|---|
| 005 | 20240625110722.0 | ||
| 008 | 100616s2000||||ag d f |||| 001 0 spa d | ||
| 020 | _a9500615223 | ||
| 041 | _aspa | ||
| 092 |
_c615.2 _l97 _sYOU |
||
| 100 | 1 |
_aYoung, Thomas E. _91212 |
|
| 245 |
_aNeofax. _bManual de drogas neonatológicas / _cThomas E. Young |
||
| 250 |
_a12a ed. _bTraducción de Diana S. Klajn |
||
| 260 |
_aBuenos Aires: _bEditorial Médica Panamericana; _c2000. |
||
| 300 | _a369 p. | ||
| 500 | _aYoung, T. E. y Mangum, O. B. (2000). Neofax. Manual de drogas neonatológicas. (12a ed.). Buenos Aires : Editorial Médica Panamericana. | ||
| 653 | _aFarmacología | ||
| 653 | _aNeonatología | ||
| 700 | 1 |
_aMangum, O. Barry. _91213 |
|
| 930 | _a1681 | ||
| 942 |
_2ddc _cBK |
||
| 999 |
_c378 _d378 |
||